000 00915nam a2200277 a 4500
001 BRL_303
005 20190320210658.0
008 230713s1985----u--o######---#000-0#enk-#
020 _a0807815977
041 _aeng
044 _au
050 4 _aTR820.5
_b.B59 1985
100 1 _aBlom, Gertrude Duby
_923495
245 1 0 _aGertrude Blom
_bBearing Witness
_cedited by Alex Harris and Margaret Sartor.
260 _a[London]
_bCenter for Documentary Photography, Duke University
_c1985
300 _aix, 150 p.
_bil.
_c29 cm.
500 _aAu2114
504 _aBibliografía : p. 149-150
505 0 _aIncluye dedicatoria para él : [Sr. Arnold Deutsch con muchas gracias en favor de mi salud Gertrude Duby Blom ]
650 1 4 _aDocumentales
_eFotografías
_923496
650 1 4 _aMayas
_xHistoria
_923497
700 1 _aHarris, Alex
_923498
700 1 _aSartor, Margaret
_923499
902 _aGRL
942 _2lcc
_cB
999 _c9116
_d9116